| 000 | 00477nam a22001457a 4500 | ||
|---|---|---|---|
| 005 | 20160215142014.0 | ||
| 008 | 160114b xxu||||| |||| 00| 0 eng d | ||
| 020 | _a0075485885 | ||
| 100 |
_aJohnson, Ralph H. _d1983 |
||
| 245 |
_aLogical Self-Defense/ _cJ. Anthony Blair and Ralph H. Johnson |
||
| 250 | _a2nd ed. | ||
| 260 |
_aLondon: _bMcGraw-Hill, _c1983. |
||
| 300 |
_axiii, 262p. : ill.; 23cm. _bincludes indexes (p.258-262) _c28cm |
||
| 942 |
_2lcc _cSH_L_BOOKS _kBC 175 _m.J63 |
||
| 999 |
_c11011 _d11011 |
||